|
|
|
|
| LEADER |
00994nam a22002657a 4500 |
| 001 |
mzk03001209265 |
| 003 |
CZ BrMZK |
| 005 |
20141217133417.0 |
| 008 |
980105s1780 xr fr|||||00| ||latod |
| 040 |
|
|
|a BOA001
|b cze
|c BOA001
|
| 072 |
|
7 |
|a 094
|x Staré tisky
|2 Konspekt
|9 12
|
| 080 |
|
|
|a (0.068)094
|2 MRF
|
| 100 |
1 |
|
|a Schanza, Wenceslaus,
|d 1746-1788
|7 mzk2010593179
|4 aut
|
| 245 |
1 |
0 |
|a De theologia morali positiones :
|b locis s. Scripturae et traditionis illustratae : Cum Adprobatione Caesareo-Regiae Censurae.
|n T.2 /
|c Wenceslai Schanza ... Theol. Doct. in Caes. Reg. & Archiep. Univ. Brunae Theol. Mor. Prof. p.
|
| 260 |
|
|
|a Brunae :
|b Typis Neumannianis, Factore Joanne Nep. Schreiner,
|c 1780
|
| 300 |
|
|
|a 729 s. ;
|c 8°
|
| 655 |
|
7 |
|a staré tisky
|7 fd422076
|2 czenas
|
| 903 |
|
|
|a RP
|
| 910 |
|
|
|a BOE452
|b Mn
|
| 978 |
|
|
|b Neumann, Josef František
|a Brno
|c 1780
|
| 978 |
|
|
|b Schreiner, Jan Nepomuk
|a Brno
|c 1780
|
| 984 |
|
|
|a Brno
|b Česko
|
| 985 |
|
|
|a 1751-1800
|
| 990 |
|
|
|a BK
|
| 991 |
|
|
|k minorite
|